1150 1712 1830 1685 1312 1252 1451 1773 1025 1898 1643 1032 1266 1713 1498 1584 1822 1956 1646 1361 1887 1115 1917 1872 1557 1624 1584 1922 1683 1932 1377 1829 1811 1849 1424 1415 1824 1649 1419 1683 1289 1176 1964 1723 1733 1827 1170 1308 1439 1437 1367 1174 1383 1932 1343 1778 1921 1505 1052 1531 1884 1896 1013 1034 1360 1316 1325 1918 1313 1509 1463 1289 1241 1269 1022 1079 1158 1960 1177 1624 1466 1264 1430 1499 1031 1399 1295 1879 1482 1830 1948 1410 1884 1277 1364 1599 1842 1621 1045 BCNSPRNW ULIB Ver.6.0+V

เปลี่ยนเป็นภาษาไทย

Change to English
 แสดงรายละเอียดบรรณานุกรม
  กลับหน้าหลัก

Brief Record : Get Marc (ISO 2709) : E-mail record : QR code < ปิดหน้าต่าง
LEADER : 00000nam 2200000uu 4500
001    13399108091
003     ULIB
008    110216s2550||||th 000 0 tha d
020    9741324537
060  4 QU4^b451ช 2550
100 0  ดาวัลย์ ฉิมภู่
245 10 ชีวเคมี /^cกาวัลย์ ฉิมภู่
250    พิมพ์ครั้งที่ 2
260    กรุงเทพฯ :^bสำนักพิมพ์แห่งจุฬาลงกรณ์มหาวิทยาลัย,^c2550
300    534 หน้า :^bภาพประกอบ ;^c30 ซม.
650  7 ชีวเคมี
945    ^p370^l0^i021073
945    ^p370^l0^i021071
945    ^p370^l0^i021072
995    ทศพร
999 ^a ใช้งานได้ทุกระบบ
รายการนี้ยังไม่มีแท็ก
คุณยังไม่ได้ล็อกอิน คุณสามารถมีกิจกรรมร่วมกับเว็บไซต์ได้ แต่ต้องล็อกอินก่อน ::
  ล็อกอิน

รายการสื่อสารสนเทศ

ลำดับที่ ประเภท เลขเรียก/บาร์โค้ด สถานที่ สถานะ
- ไม่พบข้อมูล -

รายการใกล้เคียง
    ผู้แต่ง [ดาวัลย์ ฉิมภู่]

    หัวเรื่อง [ชีวเคมี]

BibComment


ยังไม่เคยถูกคอมเมนท์

คอมเมนท์ทรัพยากรรายการนี้
  คอมเมนท์: ชีวเคมี กาวัลย์ ..


 Copyright 2026. Bcnsprnw @Library